Angielskie nazwy mebli - Statystyki

Ogólne statystyki
  • Ten quiz został rozwiązany 131 razy
  • Średni wynik to 16 z 24
Statystyki odpowiedzi
Polski Angielski % Poprawnych
Łóżko Bed
98%
Krzesło Chair
97%
Stół Table
97%
Lampa Lamp
93%
Okno Window
93%
Biurko Desk
91%
Drzwi Door
90%
Dywan Carpet
88%
Lustro Mirror
80%
Szafa Wardrobe / closet
80%
Prysznic Shower
77%
Wanna Bath / bathtub
73%
Sedes Toilet
69%
Kosz na śmieci Rubbish bin / trash can
68%
Zlew Sink
65%
Półka Shelf
56%
Fotel Armchair
49%
Szafka nocna Bedside table / night stand
39%
Kanapa Couch
37%
Kaloryfer Radiator
30%
Szafka Cabinet
25%
Szafka kuchenna Cupboard
24%
Komoda Chest of drawers / dresser
17%
Umywalka Washbasin
16%
Nie znaleziono quizów pasujących do podanych kryteriów
Rozkład punktacji
Procent ludzi z każdym wynikiem
Percentyl według liczby udzielonych odpowiedzi
Twoja historia wyników
Nie rozwiązałeś tego quizu